• 首页
  • 本馆介绍
  • 公告通知
  • 最新文献
  • 馆藏检索
  • 电子资源
  • 读者导购
  • 参考咨询
  • 我的图书馆
  • 登录
  • 详细信息显示
  • 放入我的书架
  • 预约/预借图书
  • 作者相关作品
  • 分类相关作品
  • 丛书相关作品
  • 出版社相关作品

书目信息

  • 表格格式
  • 工作单格式
  • 卡片格式
题名:
各国教育制度
    
 
作者: 黄龙先 , 雷国鼎 编著
分册:  
出版信息: 台北   国立编译馆  1975.10
页数: 633页
开本: 21cm
丛书名:
单 册:
中图分类: G512
科图分类:
主题词:
电子资源:
ISBN:
000 00580nam0 2200217 45
001 0181023381
005 20061109102226.81
010    @dCNY30.60
100    @a20810111d km y0chiy0120 ea
101 0  @achi
105    @a z 000yy
200 1  @AGE GUO JIAO YU ZHI DU@FHUANG LONG XIAN, LEI GUO DING@a各国教育制度@f黄龙先,雷国鼎编著
205    @a9版
210    @a台北@c国立编译馆@d1975.10
215    @a633页@c无图表@d21cm
300    @a部定大学用书
690    @aG512
701 0  @a黄龙先@4编著
701 0  @a雷国鼎@4编著
801    @aCN@bTSTC@c20061109
905    @dG512@e27=9@f1
    
    各国教育制度/黄龙先,雷国鼎编著.-9版.-台北:国立编译馆,1975.10
    633页:无图表;21cm
    部定大学用书
    
    ISBN :CNY30.60
    
●
相关链接 在E读中查询图书 在五车中查询图书 在当当中查询图书 在豆瓣中查询图书


正题名:各国教育制度     索取号:G512/27=9         预约/预借

序号 登录号 条形码 馆藏地/架位号 状态 备注
1 0262181   002059211   不可借-一样/ [索取号:G512/27=9] 在馆    
唐山师范学院图书馆 欢迎您!
大连网信软件有限公司© 版权所有